000 00457nab a2200145Ia 4500
003 ES-SlBCS
005 20210601125342.0
008 140529s1976 xxu||||| |||| 00| 0 eng d
041 _aeng
100 1 _aAlexander, Peter
_9157192
245 0 4 _aThe Names of Secondary Qualities
_c Peter Alexander
650 0 4 _aCualidades Secundarias
_9151407
773 0 _tProceedings of the Aristotelian Society
_gvol. 77, nº. 1, 1976, págs. 203-220
_wRev837
942 _cAR
999 _c528982
_d528982